[Event "AUTO-OPEN-4635"]
[Site "http://www.queenalice.com/game.php?id=1868310"]
[Date "2026.1.21"]
[Round "1"]
[White "silverado"]
[Black "Kn1ght1962"]
[Result "1-0"]
[WhiteElo "1912"]
[BlackElo "1663"]

1. d4 d5 2. Nf3 h6 3. Bf4 e6 4. e3 a6 5. a3 Nc6 6. Ne5 g5 7. Nxc6 bxc6 8. Be5 f6
9. Qh5+ Ke7 10. Bg3 Bd7 11. Bd3 f5 12. Be5 Be8 13. Qf3 Nf6 14. h3 Qb8 15. b4 a5
16. c3 Bh5 17. g4 fxg4 18. Qxf6+ Kd7 19. Qxh8 Qb7 20. Qh7+ Be7 21. Bf6 Re8 22.
Bxe7 Rxe7 23. Qxh6 Bf7 24. hxg4 axb4 25. axb4 Re8 26. Qxg5 Rg8 27. Qf6 Rf8 28.
Rh7 Ke8 29. Bg6 Bxg6 30. Qe7# 1-0

[Event "AUTO-OPEN-4635"]
[Site "http://www.queenalice.com/game.php?id=1868325"]
[Date "2026.1.21"]
[Round "1"]
[White "rmvwoods"]
[Black "Kn1ght1962"]
[Result "1-0"]
[WhiteElo "2072"]
[BlackElo "1701"]

1. e4 e5 2. Nf3 d6 3. Bc4 Qf6 4. d3 h6 5. Be3 a6 6. Nbd2 Qg6 7. Nh4 Qf6 8. Nhf3
Be7 9. Qe2 Nc6 10. Bd5 Bd7 11. O-O Nd4 12. Bxd4 exd4 13. a3 Qg6 14. Kh1 Nf6 15.
b4 O-O-O 16. Nxd4 Ng4 17. f3 Nxh2 18. Kxh2 Rde8 19. a4 Bf6 20. c3 Qh5+ 21. Kg1
Bh4 22. g4 Qe5 23. Bxf7 Ref8 24. Bg6 h5 25. gxh5 Bh3 26. Qh2 Qxh2+ 27. Kxh2 Bxf1
28. Rxf1 Bg5 29. Bf5+ Kb8 30. Rf2 Bf4+ 31. Kg2 Rxh5 32. Kf1 Rfh8 33. Ke1 g5 34.
Nf1 Rh1 35. Ke2 Re8 36. Ne6 Be5 37. d4 Bf6 38. Rh2 Rxh2+ 39. Nxh2 Rh8 40. Ng4
Be7 41. a5 c6 42. d5 cxd5 43. exd5 Rc8 44. Kd3 Rh8 45. Be4 Rh1 46. Kd4 Rd1+ 47.
Kc4 Kc8 48. Ne3 Re1 49. Nc2 Rf1 50. Ncd4 Re1 51. Nf5 Bf6 52. Nxd6+ Kb8 53. Ne8
Rc1 54. Nxf6 g4 55. Nxg4 Ka7 56. Ne5 b5+ 57. axb6+ Kxb6 58. d6 a5 59. bxa5+ Kxa5
60. d7 1-0

[Event "AUTO-INT-3958"]
[Site "http://www.queenalice.com/game.php?id=1868406"]
[Date "2026.1.25"]
[Round "1"]
[White "Kn1ght1962"]
[Black "jenyasm"]
[Result "0-1"]
[WhiteElo "1667"]
[BlackElo "1686"]

1. e4 e5 2. Nf3 Nc6 3. a3 a6 4. Nc3 d6 5. h3 h6 6. Bc4 b5 7. Bb3 Bb7 8. d3 Na5
9. Bd5 Bxd5 10. Nxd5 Ne7 11. O-O Nxd5 12. exd5 Be7 13. Be3 Bg5 14. Qd2 Bxe3 15.
Qxe3 O-O 16. Rae1 Qf6 17. Nd2 Nb7 18. Ne4 Qg6 19. b3 f5 20. Nd2 f4 21. Qf3 Nc5
22. b4 Nd7 23. Ne4 Nf6 24. Nxf6+ Rxf6 25. c4 Qg5 26. Kh1 Rg6 27. Rg1 Qf5 28. c5
Qf7 29. c6 a5 30. a4 bxa4 31. b5 Rb8 32. Rb1 a3 33. Qe2 Qxd5 34. Ra1 Rxb5 35.
Rxa3 Qxc6 36. Ra2 Rc5 37. Qd2 f3 38. g3 a4 39. Rga1 Rf6 40. Rxa4 Kh7 41. d4 exd4
42. Qd3+ g6 43. h4 Qd5 44. g4 Rf4 45. h5 Rxg4 46. Ra8 Qxh5# 0-1

[Event "AUTO-INT-3958"]
[Site "http://www.queenalice.com/game.php?id=1868407"]
[Date "2026.1.25"]
[Round "1"]
[White "jenyasm"]
[Black "Kn1ght1962"]
[Result "1-0"]
[WhiteElo "1669"]
[BlackElo "1684"]

1. e4 e5 2. Nf3 d6 3. Nc3 a6 4. a3 Nc6 5. d3 h6 6. Bd2 Be7 7. g3 Be6 8. Bg2 Nf6
9. h3 Qd7 10. Qe2 Nd4 11. Nxd4 exd4 12. Nd5 O-O 13. Nf4 Rfe8 14. Nxe6 Qxe6 15.
O-O Rad8 16. c4 c6 17. Ba5 Rb8 18. Bb6 d5 19. cxd5 cxd5 20. Bxd4 dxe4 21. Bxf6
Bxf6 22. dxe4 b5 23. Rfe1 Be5 24. a4 bxa4 25. Rxa4 Ra8 26. b4 Qb6 27. Qc4 Bxg3
28. Qc5 Bxf2+ 29. Qxf2 Qb5 30. Rea1 Re6 31. Qd4 Qg5 32. Qd5 Rd8 33. Qxg5 hxg5
34. Rxa6 Rb8 35. Rxe6 fxe6 36. Rb1 Rb5 37. Kh2 e5 38. Kg3 Kh7 39. Kg4 Kh6 40.
Kf5 Kh5 41. Bf1 Rb7 42. Kxe5 Re7+ 43. Kd4 Rf7 44. b5 Rf3 45. b6 g4 46. hxg4+
Kxg4 47. b7 Rf8 48. b8=Q 1-0